[Event "Werner-Ott-Open Kreuzberger Sommer 2018"]
[Site "Berlin"]
[Date "2018.07.04"]
[Round "5.10"]
[White "Sommaro, Katja"]
[Black "Dittrich, Tom"]
[Result "1-0"]
[WhiteElo "2087"]
[BlackElo "1931"]
[Annotator "Lange,A1&BB_R_640941"]
[PlyCount "77"]
[EventDate "2018.06.30"]
[EventType "swiss"]
[EventRounds "9"]
[EventCountry "GER"]
[SourceTitle "WOOKS_2018_R5"]
[Source "Andreas Lange"]
[SourceDate "2018.07.04"]
[SourceVersion "1"]
[SourceVersionDate "2018.07.04"]
[SourceQuality "1"]
[WhiteTeam "SV Berolina Mitte"]
[BlackTeam "SG Stadtilm"]
[WhiteTeamCountry "GER"]
[BlackTeamCountry "GER"]

{A26: Englische Eröffnung (Sizilianisch im Anzug)} 1. c4 Nf6 2. Nc3 g6 3. g3
Bg7 4. Bg2 O-O 5. Nf3 d6 6. O-O Nc6 7. d3 e5 8. Rb1 a5 9. a3 h6 10. h3 $146 (
10. Qc2 Be6 11. b4 axb4 12. axb4 Qd7 13. Re1 Bh3 14. Bh1 Ne7 15. Bb2 Ng4 16.
Nd2 c6 17. Ra1 Rxa1 18. Rxa1 f5 19. Nd1 f4 20. Ne4 Nf5 21. Ra7 fxg3 22. hxg3
Qc7 23. Qb3 Kh7 24. Qa3 Qc8 {Neubart,T-Offermann,F (1956), BMM 2002/03
Stadtliga B, Berlin 2002 0-1}) (10. Ne1 Be6 11. h3 Qd7 12. Kh2 d5 13. Qa4 Rfd8
14. Nf3 d4 15. Na2 e4 16. Ne1 Ne5 17. Qxd7 Rxd7 18. Bf4 Nc6 19. Nc1 g5 20. Bd2
Ne5 21. f4 e3 22. Bxa5 Neg4+ 23. hxg4 Nxg4+ 24. Kg1 gxf4 {Jaehnisch,F (2245)
-Rudolf,H (2280), 2. Bundesliga Nord 1995/96, Deutschland 1996, ½-½}) (10. b4
Re8 11. e4 Bd7 12. Nd5 axb4 13. axb4 Nxd5 14. exd5 Ne7 15. Be3 Nf5 16. Bd2 Ra3
17. Qc1 Rxd3 18. Ne1 Nd4 19. Kh1 Nb3 20. Qc2 Nxd2 21. Nxd3 Nxf1 22. Rxf1 Bf5
23. Qb3 h5 24. f3 h4 {Pfau,B (2106)-Jeske,K (1975), 2. Bundesliga Ost 2013/14
Frauen, Deutschland 2014, 0-1 (39)}) (10. Bd2 Be6 11. b4 axb4 12. axb4 Qd7 13.
b5 Nd8 14. Qc2 Bh3 15. Ra1 Bxg2 16. Rxa8 Bxf1 17. Kxf1 Qh3+ 18. Kg1 Ng4 19. Qd1
f5 20. Qf1 Qh5 21. h3 Nf6 22. Qg2 g5 23. Nh2 c6 24. bxc6 bxc6 {Nagorni,W (1949)
-Reichenbach,W (2162), Berlin, DSenEM 2010, 0-1 (56)}) 10... Be6 11. Nd2 Qc8
12. Kh2 Nd7 13. b4 axb4 14. axb4 Ne7 15. Nd5 Bxd5 16. cxd5 f5 17. f4 Nf6 18.
Qb3 Qd7 19. fxe5 Nh5 20. e6 Qb5 21. Bb2 Nf6 22. e4 Ra4 23. Qc4 Qb6 24. Bd4 Ng4+
25. hxg4 Bxd4 26. gxf5 gxf5 27. Nf3 Bg7 28. Nh4 f4 29. gxf4 Bf6 30. Qb3 Qa7 31.
Qd1 Ra2 32. Qh5 Kh7 33. Nf5 Nxf5 34. Qxf5+ Kg7 35. Qg4+ Kh7 36. Rf3 Rxg2+ 37.
Qxg2 Bh4 38. Rg1 Bg3+ 39. Rxg3 1-0

[Event "Werner-Ott-Open Kreuzberger Sommer 2018"]
[Site "Berlin"]
[Date "2018.07.04"]
[Round "5.11"]
[White "Schulz, Hartmut"]
[Black "Bui, Bao Anh Le"]
[Result "0-1"]
[WhiteElo "2080"]
[BlackElo "1883"]
[Annotator "Lange,A1&BB_R_640941"]
[PlyCount "72"]
[EventDate "2018.06.30"]
[EventType "swiss"]
[EventRounds "9"]
[EventCountry "GER"]
[SourceTitle "WOOKS_2018_R5"]
[Source "Andreas Lange"]
[SourceDate "2018.07.04"]
[SourceVersion "1"]
[SourceVersionDate "2018.07.04"]
[SourceQuality "1"]
[WhiteTeam "SC Rochade"]
[BlackTeam "SV Mattnetz Berlin"]
[WhiteTeamCountry "GER"]
[BlackTeamCountry "GER"]

{D48: Damengambit (Meraner Variante)} 1. d4 d5 2. c4 e6 3. Nf3 c6 4. e3 Nf6 5.
Nc3 Nbd7 6. Bd3 dxc4 7. Bxc4 b5 8. Bd3 Bb7 9. O-O a6 10. Qe2 c5 11. dxc5 (11.
e4 cxd4 12. Nxd4 b4 13. Na4 Ne5 14. Rd1 Nxd3 15. Rxd3 Bxe4 16. Rd1 Qa5 17. b3
Be7 18. Be3 O-O 19. Rac1 Rac8 20. Rc4 Rxc4 21. Qxc4 Ng4 22. Bd2 Qh5 23. f3
Qxh2+ {0-1 (23) Radjenovic,B (1845)-Schmidt,J (2055), Berlin, Lichtenberger
Sommer 2012}) 11... Nxc5 12. Bc2 Qc7 13. e4 $146 (13. a3 Bd6 14. e4 O-O 15. Bg5
Ng4 16. h3 Ne5 17. Nxe5 Bxe5 18. Bd2 Rac8 19. Rac1 Qe7 20. Kh1 Nd7 21. f4 Bb8
22. Nd1 Rfe8 23. Nf2 Nf6 24. Ng4 Ba7 25. Bc3 Nxg4 26. Qxg4 g6 27. h4 h5 {
Jung,H (1969)-Peitsch,S (1873), Berlin,Lichtenberger Sommer 2003, 1-0 (36)})
13... b4 14. e5 bxc3 15. exf6 gxf6 16. bxc3 Bd6 17. h3 Qc6 18. Ba3 Rg8 19. Kh1
O-O-O 20. Rfd1 Rg5 21. Bxc5 Rxc5 22. Rd4 f5 23. Ba4 Qc7 24. Rad1 e5 25. R4d2
Rxc3 26. Nxe5 Rxh3+ 27. Kg1 Rg8 28. Bc6 Bxc6 29. Qxa6+ Bb7 30. Qxd6 Qxd6 31.
Rxd6 Bxg2 32. Rd8+ Rxd8 33. Rxd8+ Kxd8 34. Kxg2 Ra3 35. Nxf7+ Ke7 36. Ng5 h6
0-1

[Event "Werner-Ott-Open Kreuzberger Sommer 2018"]
[Site "Berlin"]
[Date "2018.07.04"]
[Round "5.12"]
[White "Gebigke, Martin"]
[Black "Namestnikov, Boris"]
[Result "1-0"]
[WhiteElo "2050"]
[BlackElo "1890"]
[Annotator "Lange,A1&BB_R_640941"]
[PlyCount "81"]
[EventDate "2018.06.30"]
[EventType "swiss"]
[EventRounds "9"]
[EventCountry "GER"]
[SourceTitle "WOOKS_2018_R5"]
[Source "Andreas Lange"]
[SourceDate "2018.07.04"]
[SourceVersion "1"]
[SourceVersionDate "2018.07.04"]
[SourceQuality "1"]
[WhiteTeam "SC Kreuzberg"]
[BlackTeam "SK Zehlendorf"]
[WhiteTeamCountry "GER"]
[BlackTeamCountry "GER"]

{[%mdl 8256] D48: Damengambit (Meraner Variante)} 1. d4 d5 2. c4 c6 3. Nf3 Nf6
4. Nc3 e6 5. e3 Nbd7 6. Bd3 dxc4 7. Bxc4 b5 8. Bd3 Bb7 9. O-O a6 10. e4 c5 11.
d5 Qc7 12. Bc2 (12. dxe6 fxe6 13. b3 O-O-O 14. Qe2 Bd6 15. Bb2 Ne5 16. Nxe5
Bxe5 17. h3 h5 18. Rfd1 Bd4 19. Rd2 Qf4 20. Rad1 Ng4 21. Qe1 Qh2+ 22. Kf1 Nxf2
23. Rxf2 Rhf8 24. Rdd2 Qh1+ {0-1 (24) Lagunow,A (2438)-Korneev,O (2587),
Berlin, Lichtenrader Herbst 2007}) 12... Bd6 $146 (12... O-O-O 13. dxe6 Ne5 14.
Qe2 Nxf3+ 15. Qxf3 fxe6 16. Qh3 Kb8 17. Be3 Bd6 18. Rad1 {1-0 (18) Kuhne,
D-Lieske,H, Berlin, Pokal der Homepage des SC Kreuzberg 2001}) 13. dxe6 fxe6
14. Ng5 Nf8 15. f4 O-O-O 16. Qe2 e5 17. f5 h6 18. Nh3 Be7 19. Kh1 N8h7 20. Nf2
Nd7 21. a4 b4 22. Nd5 Bxd5 23. exd5 Kb7 24. Bd3 a5 25. Be3 Nhf6 26. Rac1 Nxd5
27. Be4 N7f6 28. Bxc5 $1 Bxc5 29. Nd3 Nxe4 30. Qxe4 Qf7 31. Rxc5 Rhe8 32. Rfc1
Qd7 33. Rxa5 Kb6 34. Rb5+ Ka7 35. h3 Nf6 36. Qe3+ Qd4 37. Rc7+ Ka8 38. Qc1 Rd6
39. Rc8+ Rxc8 40. Qxc8+ Ka7 41. Qb7# 1-0

[Event "Werner-Ott-Open Kreuzberger Sommer 2018"]
[Site "Berlin"]
[Date "2018.07.04"]
[Round "5.13"]
[White "Gelman, Josef"]
[Black "Kirchhof, Arno"]
[Result "1/2-1/2"]
[WhiteElo "1989"]
[BlackElo "2041"]
[Annotator "Lange,A1&BB_R_640941"]
[PlyCount "35"]
[EventDate "2018.06.30"]
[EventType "swiss"]
[EventRounds "9"]
[EventCountry "GER"]
[SourceTitle "WOOKS_2018_R5"]
[Source "Andreas Lange"]
[SourceDate "2018.07.04"]
[SourceVersion "1"]
[SourceVersionDate "2018.07.04"]
[SourceQuality "1"]
[WhiteTeam "SC Weisse Dame"]
[BlackTeam "SC Zugzwang 95"]
[WhiteTeamCountry "GER"]
[BlackTeamCountry "GER"]

{D03: Damenbauernspiele} 1. d4 d5 2. Nf3 Nf6 3. Bg5 e6 4. e3 Nbd7 5. Nbd2 c5 6.
c3 Qc7 (6... Bd6 7. Bd3 e5 8. dxe5 Nxe5 9. Nxe5 Bxe5 10. Nf3 Qc7 11. Nxe5 Qxe5
12. Bf4 Qe7 13. O-O O-O 14. h3 Re8 15. Re1 h6 16. Qc2 Bd7 17. a4 Bc6 18. Bb5
Rac8 19. Red1 a6 20. Bxc6 Rxc6 21. a5 {Andersen,K (2063)-Hohn,A (1855), Berlin,
Offene BSenEM 2017, ½-½}) 7. Bd3 Bd6 $146 (7... b6 8. Bf4 Bd6 9. Bxd6 Qxd6
10. e4 cxd4 11. Nxd4 Nc5 12. Bb5+ Bd7 13. exd5 Bxb5 14. Nxb5 Nd3+ 15. Kf1 Qc5
16. Nd4 Qxd5 17. Qa4+ Kf8 18. Qc2 Nf4 19. N4f3 Rd8 20. b3 Qc6 21. Re1 Rd3 22.
c4 {Brameyer,H (2282)-Graf,A (2630), Berlin, DPMM 2003 Halbfinale 0-1 (34)}) 8.
O-O b6 9. e4 dxe4 10. Nxe4 Nxe4 11. Bxe4 Bb7 12. dxc5 Bxc5 13. Bf4 Qxf4 14.
Bxb7 Rd8 15. b4 Qc7 16. Be4 Bd6 17. Qc2 h6 18. Rad1 1/2-1/2

[Event "Werner-Ott-Open Kreuzberger Sommer 2018"]
[Site "Berlin"]
[Date "2018.07.04"]
[Round "5.14"]
[White "Weber, Erwin"]
[Black "Kauschmann, Herbert"]
[Result "1/2-1/2"]
[WhiteElo "1982"]
[BlackElo "2162"]
[Annotator "Lange,A1&BB_R_640941"]
[PlyCount "53"]
[EventDate "2018.06.30"]
[EventType "swiss"]
[EventRounds "9"]
[EventCountry "GER"]
[SourceTitle "WOOKS_2018_R5"]
[Source "Andreas Lange"]
[SourceDate "2018.07.04"]
[SourceVersion "1"]
[SourceVersionDate "2018.07.04"]
[SourceQuality "1"]
[WhiteTeam "SC Weisse Dame"]
[BlackTeam "BSC Rehberge 1945"]
[WhiteTeamCountry "GER"]
[BlackTeamCountry "GER"]

{B06: Moderne Verteidigung} 1. d4 g6 2. Bf4 Bg7 3. Nc3 d6 (3... c5 4. d5 Qa5 5.
Qd2 d6 6. e4 Nd7 7. O-O-O Bxc3 8. Qxc3 Qxc3 9. bxc3 Ngf6 10. Re1 Ne5 11. h3 Rg8
12. Bg5 Ned7 13. Nf3 h5 14. a4 Nh7 15. Bd2 f6 16. Be2 Ne5 17. Nh4 Bd7 18. a5 {
Kalabic,F (2223)-Foerster,J (2274), 2. Bundesliga Nord 2015/16, Berlin 2016
½-½}) 4. e4 $146 (4. Nf3 a6 5. e4 b5 6. Bd3 Nd7 7. e5 Bb7 8. Ne4 d5 9. Ng3 e6
10. h4 h6 11. a4 b4 12. c3 bxc3 13. bxc3 a5 14. Qe2 Qc8 15. O-O Ba6 16. c4 Ne7
17. Rfc1 Nb6 18. cxd5 Bxd3 {Meister,J (2460)-Bolk,M (2062), Berlin, WOOKS 2015,
0-1 (56)}) 4... a6 5. Qd2 Nd7 6. h4 h6 7. Be3 b5 8. h5 g5 9. f4 gxf4 10. Bxf4
e5 11. dxe5 dxe5 12. Bg3 Ngf6 13. Bh4 Bb7 14. O-O-O O-O 15. Bd3 c5 16. Qe3 Qb6
17. Be2 Qe6 18. Rh3 b4 19. Nd5 Bxd5 20. exd5 Nxd5 21. Qd2 N5b6 22. Rg3 e4 23.
Qf4 Kh8 24. Rd6 Nd5 25. Rxe6 Nxf4 26. Rxe4 Nxe2+ 27. Nxe2 1/2-1/2

[Event "Werner-Ott-Open Kreuzberger Sommer 2018"]
[Site "Berlin"]
[Date "2018.07.04"]
[Round "5.15"]
[White "Dathe, Frederick"]
[Black "Woerz, Markus"]
[Result "1/2-1/2"]
[WhiteElo "1895"]
[BlackElo "2007"]
[Annotator "Lange,A1&BB_R_640941"]
[PlyCount "70"]
[EventDate "2018.06.30"]
[EventType "swiss"]
[EventRounds "9"]
[EventCountry "GER"]
[SourceTitle "WOOKS_2018_R5"]
[Source "Andreas Lange"]
[SourceDate "2018.07.04"]
[SourceVersion "1"]
[SourceVersionDate "2018.07.04"]
[SourceQuality "1"]
[WhiteTeam "SC Kreuzberg"]
[BlackTeam "SC Kreuzberg"]
[WhiteTeamCountry "GER"]
[BlackTeamCountry "GER"]

{A09: Reti-Eröffnung} 1. Nf3 Nf6 2. g3 c5 3. Bg2 Nc6 4. O-O d5 5. c4 d4 6. d3
e5 7. e3 Be7 8. exd4 exd4 9. Na3 $146 (9. Re1 O-O 10. Ne5 Nxe5 11. Rxe5 Bd6 12.
Re1 Rb8 13. Bg5 h6 14. Bxf6 Qxf6 15. Nd2 Bf5 16. Ne4 Qg6 17. Qd2 b6 18. a3 Rfd8
19. b4 Bf8 20. b5 Re8 21. a4 Re7 22. a5 Rc7 23. h3 Bd6 {Kantans,T (2144)
-Kleine,P, Berlin, Unicorn Open 2008, 1-0 (41)}) 9... Bg4 10. h3 Bf5 11. Nc2
O-O 12. b4 cxb4 13. a3 a5 14. axb4 Bxb4 15. Ba3 Qd6 16. g4 Bg6 17. Nh4 Nd7 18.
f4 f6 19. Nxg6 hxg6 20. Bd5+ Kh8 21. Qf3 Rae8 22. h4 Nb6 23. Be4 f5 24. Bxc6
bxc6 25. g5 Re7 26. h5 Kg8 27. Rf2 gxh5 28. Qxh5 g6 29. Qf3 Kg7 30. Rh2 Rh8 31.
Rxh8 Kxh8 32. Kg2 c5 33. Rh1+ Rh7 34. Rc1 Re7 35. Rh1+ Rh7 1/2-1/2

[Event "Werner-Ott-Open Kreuzberger Sommer 2018"]
[Site "Berlin"]
[Date "2018.07.04"]
[Round "5.16"]
[White "Rouditser, Benjamin"]
[Black "Silz, Elisa"]
[Result "0-1"]
[WhiteElo "1739"]
[BlackElo "1988"]
[Annotator "Lange,A1&BB_R_640941"]
[PlyCount "46"]
[EventDate "2018.06.30"]
[EventType "swiss"]
[EventRounds "9"]
[EventCountry "GER"]
[SourceTitle "WOOKS_2018_R5"]
[Source "Andreas Lange"]
[SourceDate "2018.07.04"]
[SourceVersion "1"]
[SourceVersionDate "2018.07.04"]
[SourceQuality "1"]
[WhiteTeam "SVg Lasker Steglitz-Wilmersdorf"]
[BlackTeam "SV Empor Berlin"]
[WhiteTeamCountry "GER"]
[BlackTeamCountry "GER"]

{[%mdl 8256] E81: Königsindisch (Sämisch-Angriff)} 1. d4 Nf6 2. c4 g6 3. Nc3
Bg7 4. e4 d6 5. f3 O-O 6. Be3 a6 7. Qd2 (7. Nge2 b6 8. Qd2 c5 9. Rd1 Nc6 10. d5
Ne5 11. Nc1 e6 12. Be2 exd5 13. cxd5 b5 14. Bf4 Nh5 15. Bg5 f6 16. Be3 b4 17.
Na4 f5 18. exf5 gxf5 19. Bg5 Qa5 20. b3 Bd7 21. O-O Bxa4 {Bornschein,B (1987)
-Von Herman,U (2377), Berlin 2004, Open SWN 0-1 (33)}) 7... e6 $146 (7... c5 8.
dxc5 dxc5 9. Qxd8 Rxd8 10. Bxc5 Nc6 11. Nge2 Nd7 12. Be3 Nde5 13. Nf4 Nb4 14.
Rd1 Nc2+ 15. Kf2 Rxd1 16. Nxd1 Nxe3 17. Nxe3 e6 18. Be2 Nc6 19. b3 Bd4 20. Rd1
g5 21. Nh5 f5 22. g3 {Burmeister,F-Muse,D (2230), DEM 1991 U20, Magdeburg 1991,
0-1 (48)}) (7... e5 8. d5 c6 9. Bd3 cxd5 10. Nxd5 Nxd5 11. cxd5 f5 12. Ne2 f4
13. Bf2 Nd7 14. Qb4 Rf7 15. O-O Bf8 16. Qd2 Nc5 17. Bc2 a5 18. a3 a4 19. Nc1 b6
20. Nd3 Ba6 21. Rab1 Rb7 22. Rfd1 {Olbrich,F-Haase,S, DVM 1992 U20, Dortmund
1992 1-0 (69)}) (7... Re8 8. O-O-O b5 9. cxb5 axb5 10. Bxb5 c6 11. Bd3 Nbd7 12.
Nge2 Nb6 13. Bh6 Bh8 14. h4 Be6 15. Kb1 Qb8 16. h5 Qa7 17. d5 cxd5 18. Nd4 dxe4
19. Nxe6 exd3 20. Qxd3 Nfd5 21. Bg7 Nxc3+ 22. bxc3 {Figura,A (1494)-Nguyen Luu,
T (2096), Berlin, Eckbauer Open 2000, 0-1}) 8. g4 Ne8 9. Bd3 Nc6 10. Nge2 e5
11. dxe5 Nxe5 12. O-O Be6 13. Nd5 b5 14. cxb5 Bxd5 15. exd5 Nxd3 16. Qxd3 axb5
17. Bd4 Qg5 18. Be3 Qe5 19. b3 Nf6 20. Rad1 Rfe8 21. Kf2 Nxd5 $1 22. Bd2 Qxh2+
23. Ke1 Nc3 $1 0-1

[Event "Werner-Ott-Open Kreuzberger Sommer 2018"]
[Site "Berlin"]
[Date "2018.07.04"]
[Round "5.17"]
[White "Woinowski, Michael"]
[Black "Thaer, Abdulkadhim Ismaeel"]
[Result "0-1"]
[WhiteElo "1788"]
[BlackElo "1952"]
[Annotator "Lange,A1&BB_R_640941"]
[PlyCount "52"]
[EventDate "2018.06.30"]
[EventType "swiss"]
[EventRounds "9"]
[EventCountry "GER"]
[SourceTitle "WOOKS_2018_R5"]
[Source "Andreas Lange"]
[SourceDate "2018.07.04"]
[SourceVersion "1"]
[SourceVersionDate "2018.07.04"]
[SourceQuality "1"]
[WhiteTeam "SC Kreuzberg"]
[BlackTeam "SC Zugzwang 95"]
[WhiteTeamCountry "GER"]
[BlackTeamCountry "GER"]

{B09: Pirc-Ufimzew-Verteidigung (Dreibauernangriff)} 1. e4 d6 2. d4 Nf6 3. Nc3
g6 4. f4 Bg7 5. Nf3 O-O 6. Bd3 c5 7. dxc5 dxc5 8. Be3 Qb6 $146 (8... Nbd7 9. e5
Ne8 10. h4 h5 11. Ng5 Nxe5 12. fxe5 Bxe5 13. O-O Bg4 14. Be2 Bd4 15. Bxd4 Qxd4+
16. Qxd4 cxd4 17. Bxg4 hxg4 18. Nd5 e5 19. Rae1 f6 20. Ne7+ {1-0 (20) Welz,P 
(2167)-Atze,B, Berlin, Unicorn Open 2001}) (8... Nfd7 9. e5 Nc6 10. Ne4 Qa5+
11. c3 Rd8 12. Qe2 Nd4 13. Nxd4 cxd4 14. b4 Qb6 15. Bxd4 Qc7 16. O-O Nf8 17.
Rad1 Bf5 18. g4 Bxe4 19. Qxe4 Ne6 20. Be2 Nxd4 21. cxd4 Rac8 22. Rf2 Qb6 23. d5
{Kleeschaetzky,R (2297)-Artukovic,A (2008), FV Schach MP Pokal 2009/10 Finale,
Berlin 2010, 1-0 (39)}) 9. Rb1 Ng4 10. Nd5 Qd6 11. Bd2 Rd8 12. O-O Nc6 13. h3
c4 14. hxg4 cxd3 15. g5 Qc5+ 16. Be3 Qxc2 17. Qxc2 dxc2 18. Rbc1 Bxb2 19. Rxc2
Bg7 20. Nc7 Rb8 21. Nb5 a6 22. Bb6 axb5 23. Bxd8 Nxd8 24. Rc5 Bd7 25. Rd1 Bc6
26. e5 Ne6 0-1

[Event "Werner-Ott-Open Kreuzberger Sommer 2018"]
[Site "Berlin"]
[Date "2018.07.04"]
[Round "5.18"]
[White "Rollwitz, Juergen"]
[Black "Guder, Sibylle"]
[Result "1/2-1/2"]
[WhiteElo "1949"]
[BlackElo "1750"]
[Annotator "Lange,A1&BB_R_640941"]
[PlyCount "31"]
[EventDate "2018.06.30"]
[EventType "swiss"]
[EventRounds "9"]
[EventCountry "GER"]
[SourceTitle "WOOKS_2018_R5"]
[Source "Andreas Lange"]
[SourceDate "2018.07.04"]
[SourceVersion "1"]
[SourceVersionDate "2018.07.04"]
[SourceQuality "1"]
[WhiteTeam "SC Rochade"]
[BlackTeam "SF Berlin 1903"]
[WhiteTeamCountry "GER"]
[BlackTeamCountry "GER"]

{D05: Damenbauernspiele (Colle-Aufbau)} 1. d4 d5 2. Nf3 Nf6 3. e3 e6 4. Bd3 Bd6
5. b3 (5. O-O O-O 6. b3 Qe7 7. Bb2 Nbd7 8. Ne5 Ne4 9. f3 Bxe5 10. dxe5 Nec5 11.
Qe2 b6 12. b4 Na4 13. Ba3 Nxe5 14. Bb5 a5 15. bxa5 Nc5 16. axb6 cxb6 17. Bb2
Nc4 18. Bxc4 dxc4 19. Qxc4 Qg5 {Capris,M-Proehl,H, Magdeburg, DEM 1991 U15,
½-½ (45)}) 5... Nbd7 $146 (5... b6 6. Bb2 Bb7 7. Nbd2 Ne4 8. c4 f5 9. Ne5 Bb4
10. Bxe4 fxe4 11. Qh5+ g6 12. Nxg6 Kd7 13. Nxh8 Qxh8 14. Qf7+ Kd6 15. a3 Bxd2+
16. Kxd2 Nd7 17. c5+ Kc6 {1-0 (17) Strassburg,R (1541)-Frank,M (1386),
Willingen, Offene DEM 2016 Jugend B}) 6. Bb2 O-O 7. O-O b6 8. Nbd2 Bb7 9. Ne5
a5 10. f4 Ne4 11. Nxe4 dxe4 12. Bc4 Ba6 13. Bxa6 Rxa6 14. Qe2 Ra8 15. a4 Nxe5
16. fxe5 1/2-1/2

[Event "Werner-Ott-Open Kreuzberger Sommer 2018"]
[Site "Berlin"]
[Date "2018.07.04"]
[Round "5.19"]
[White "Foerster, Jonas"]
[Black "Fock, Amina"]
[Result "1-0"]
[WhiteElo "2284"]
[BlackElo "1770"]
[Annotator "Lange,A1&BB_R_640941"]
[PlyCount "55"]
[EventDate "2018.06.30"]
[EventType "swiss"]
[EventRounds "9"]
[EventCountry "GER"]
[SourceTitle "WOOKS_2018_R5"]
[Source "Andreas Lange"]
[SourceDate "2018.07.04"]
[SourceVersion "1"]
[SourceVersionDate "2018.07.04"]
[SourceQuality "1"]
[WhiteTeam "SV Empor Berlin"]
[BlackTeam "SC Zugzwang 95"]
[WhiteTeamCountry "GER"]
[BlackTeamCountry "GER"]

{A86: Holländische Verteidigung (Leningrader Variante mit Sh3)} 1. d4 f5 2. c4
Nf6 3. Nc3 g6 4. g3 Bg7 5. Bg2 O-O 6. Nh3 d6 7. d5 a5 8. O-O Na6 9. Nf4 (9. Be3
Bd7 10. Bd4 Rb8 11. Nf4 c5 12. Be3 Ng4 13. Bd2 Ne5 14. b3 Qe8 15. e4 fxe4 16.
Nxe4 a4 17. Bc3 Nc7 18. Re1 Qf7 19. Nxc5 Bg4 20. Qd2 Bh6 21. Rxe5 dxe5 22. Bxe5
Bg7 23. Re1 Bxe5 {Poldauf,D (2417)-Lieb,H (2236), 1. Bundesliga 2005/06,
Berlin 2006, 1-0 (35)}) 9... Nc5 10. Be3 $146 (10. Qc2 e5 11. dxe6 c6 12. Be3
Nxe6 13. Rad1 Qe7 14. Na4 Ng4 15. Qd2 Nxe3 16. Qxe3 Re8 17. Nb6 Rb8 18. Qd2
Nxf4 19. Qxf4 Be6 20. b3 Qc7 21. c5 Be5 22. cxd6 Bxf4 23. dxc7 Bxc7 24. Nc4 Kf8
{Baranowsky,P (1954)-Schnabel,R (2215), Berlin, BEM 2012 Qualifikationsturnier,
0-1 (40)}) 10... Qe8 11. Nb5 Na6 12. a3 Bd7 13. Nd4 Bh8 14. Nde6 Bxe6 15. Nxe6
Rf7 16. Rb1 a4 17. Qc2 b6 18. Bd4 Nh5 19. Bxh8 Kxh8 20. f4 Ng7 21. e4 fxe4 22.
Bxe4 Rc8 23. Rbd1 Nxe6 24. dxe6 Rf6 25. Bb7 Ra8 26. Bxa8 Qxa8 27. Qxa4 Rf8 28.
b4 1-0

[Event "Werner-Ott-Open Kreuzberger Sommer 2018"]
[Site "Berlin"]
[Date "2018.07.04"]
[Round "5.20"]
[White "Wunderlich, Fabian"]
[Black "Jeremic, Dusan"]
[Result "0-1"]
[WhiteElo "1747"]
[BlackElo "2179"]
[Annotator "Lange,A1&BB_R_640941"]
[PlyCount "72"]
[EventDate "2018.06.30"]
[EventType "swiss"]
[EventRounds "9"]
[EventCountry "GER"]
[SourceTitle "WOOKS_2018_R5"]
[Source "Andreas Lange"]
[SourceDate "2018.07.04"]
[SourceVersion "1"]
[SourceVersionDate "2018.07.04"]
[SourceQuality "1"]
[WhiteTeam "vereinslos"]
[BlackTeam "SF Berlin 1903"]
[BlackTeamCountry "GER"]

{[%mdl 8256] C56: Zweispringerspiel} 1. e4 e5 2. Nf3 Nc6 3. d4 exd4 4. Bc4 Nf6
5. e5 d5 6. Bb5 Ne4 7. Nxd4 Bd7 8. Bxc6 bxc6 9. O-O Be7 10. f3 (10. Nd2 Nxd2
11. Bxd2 c5 12. Ne2 O-O 13. Ng3 f6 14. Bf4 c6 15. Re1 fxe5 16. Bxe5 Bf6 17. Nh5
Bxe5 18. Rxe5 Re8 19. Qe2 Rxe5 20. Qxe5 Qf8 21. Ng3 Qf7 22. Qd6 c4 23. b3 Rf8
24. f3 Qf4 {Dreke,F (2037)-Newrkla,A (2055), Berlin, Lichtenberger Sommer 2008,
1-0 (71)}) 10... Nc5 11. Be3 $146 (11. c3 O-O 12. f4 f6 13. b4 Ne6 14. Nxe6
Bxe6 15. f5 Bc8 16. e6 Re8 17. Be3 a5 18. bxa5 Rxa5 19. Nd2 Bc5 20. Qf3 Ba6 21.
Nb3 Bxe3+ 22. Qxe3 Ra3 23. Rf2 Bc4 24. Nc5 Qd6 25. Nd7 Raa8 {Baumgardt,L (2081)
-Schirrmacher,C (1915), Berlin; BJEM 2006 U18, 0-1 (56)}) (11. Nc3 O-O 12. Qe2
Rb8 13. f4 f5 14. Be3 Ne6 15. Nxe6 Bxe6 16. Na4 Rb5 17. c3 Qb8 18. b4 a5 19. a3
Rd8 20. Bc5 Kf8 21. Qh5 d4 22. Qxh7 dxc3 23. Bxe7+ Kxe7 24. Qxg7+ Ke8 25. Qf6
Bc4 {Krefenstein,S (2182)-Hesselbarth,K (1783), Berlin, WOOKS 2015, 1-0}) (11.
Nd2 O-O 12. N2b3 Ne6 13. f4 Qc8 14. Be3 g6 15. f5 Nxd4 16. Nxd4 f6 17. e6 Be8
18. Bh6 c5 19. Bxf8 Bxf8 20. Nb3 c6 21. Qg4 Kg7 22. h4 h5 23. Qf3 Qd8 24. Rae1
d4 25. Qe2 Be7 {Streit,J (1946)-Kornijenko,A (1366), Berlin, Lichtenberger
Sommer 2010, 1-0 (33)}) 11... O-O 12. Nd2 Na4 13. b3 Nc3 14. Qe1 c5 15. Ne2
Nxe2+ 16. Qxe2 Bf5 17. Rac1 f6 18. exf6 Rxf6 19. g4 Bg6 20. Bg5 Rf7 21. Bxe7
Rxe7 22. Qb5 Qd6 23. Rf2 Rae8 24. Nf1 a6 25. Qa5 h5 26. Ng3 h4 27. Nf1 Re2 28.
Qc3 Kh7 29. Rd1 d4 30. Qc4 Qe5 31. Rd2 Re1 32. Qxa6 h3 33. a4 Qe3 34. Rde2
Rxf1+ $1 35. Kxf1 Qc1+ 36. Re1 Rxe1# 0-1

[Event "Werner-Ott-Open Kreuzberger Sommer 2018"]
[Site "Berlin"]
[Date "2018.07.04"]
[Round "5.41"]
[White "Fontaine, Constantin"]
[Black "Plaza Reino, Agustin"]
[Result "0-1"]
[WhiteElo "1517"]
[BlackElo "1923"]
[Annotator "Lange,A1&BB_R_640941"]
[PlyCount "73"]
[EventDate "2018.06.30"]
[EventType "swiss"]
[EventRounds "9"]
[EventCountry "GER"]
[SourceTitle "WOOKS_2018_R5"]
[Source "Andreas Lange"]
[SourceDate "2018.07.04"]
[SourceVersion "1"]
[SourceVersionDate "2018.07.04"]
[SourceQuality "1"]
[WhiteTeam "SK Tempelhof 1931"]
[BlackTeam "Enniscorthy CC"]
[WhiteTeamCountry "GER"]
[BlackTeamCountry "IRL"]

{B41: Sizilianisch (Paulsen-Variante)} 1. e4 c5 2. f4 e6 3. Nf3 a6 4. d4 cxd4
5. Nxd4 Qc7 $146 (5... Nf6 6. Bd3 Bc5 7. c3 O-O (7... Qb6 8. Bc2 Nc6 9. Nxc6
Bf2+ 10. Ke2 bxc6 11. b4 a5 12. Rf1 Ba6+ 13. Bd3 Nxe4 14. bxa5 Qc5 15. Bxa6
Rxa6 16. Qd3 Qh5+ 17. Qf3 Qb5+ 18. Qd3 Qxd3+ 19. Kxd3 d5 20. Nd2 f5 21. Rb1 O-O
{Mayet,C-Hirschfeld,P, Berlin 1861, 0-1 (42)}) 8. a3 Nc6 9. Bc2 Re8 10. b4 Be7
11. O-O d5 12. e5 Nd7 13. Nd2 f6 14. Nxe6 Qb6+ 15. Kh1 Nf8 16. Qh5 g6 17. Qh4
Bxe6 18. exf6 Bxf6 19. Qxf6 Qc7 20. Nf3 {Sawlin,L (1455)-Baevski,S (922),
Berlin, BJEM 2008 U10 Finale, 1-0 (57)}) 6. Be2 Nf6 7. O-O Nxe4 8. f5 Bc5 9.
fxe6 dxe6 10. Qd3 Bxd4+ 11. Qxd4 Qc5 12. Qxc5 Nxc5 13. Be3 Nbd7 14. Nd2 b5 15.
Bf3 Bb7 16. Bh5 O-O 17. b4 Ne4 18. c4 Nxd2 19. Rfd1 Nf6 20. Rxd2 Nxh5 21. g4
Nf6 22. g5 Ne4 23. Rd7 Bc6 24. Rc7 Rac8 25. Ra7 Ra8 26. Rc7 Rfc8 27. Re7 Kf8
28. g6 Kxe7 29. gxh7 Rh8 30. cxb5 axb5 31. Rc1 Rac8 32. a4 bxa4 33. Rc4 a3 34.
Bd4 Rxh7 35. b5 Bb7 36. Ra4 Rc1+ 37. Kg2 {Restliche Züge unklar.} 0-1